| 000 | 00752nam a2200289Ia 4500 | ||
|---|---|---|---|
| 008 | 170711s9999 xx 000 0 und d | ||
| 020 | _a9781600611872 | ||
| 050 | _a741.59 | ||
| 050 | _bR988 2009 | ||
| 100 | _aRyall, Chris | ||
| 245 | _aComic books 101 : | ||
| 245 | _bthe history, methods and madness / | ||
| 245 | _cby Chris Ryall and Scott Tipton. | ||
| 250 | _aFirst edition | ||
| 260 | _aOhio : | ||
| 260 | _bImpact, | ||
| 260 | _c2009 | ||
| 300 | _a287 pages : | ||
| 300 | _bcolored illustrations ; | ||
| 300 | _c20cm. | ||
| 500 | _aIncludes index. | ||
| 650 | _aComic books, strips, etc -- | ||
| 650 | _aComic books, strips, etc. | ||
| 650 | _xHistory and crtiticism. | ||
| 700 | _aTipton, Scott. | ||
| 700 | _aTitle. | ||
| 999 |
_c339715 _d339715 |
||